Is the profession on the road to recovery? (Record no. 71461)
[ view plain ]
| 000 -LEADER | |
|---|---|
| fixed length control field | 01155cam a2200217 4500 |
| 001 - CONTROL NUMBER | |
| control field | ABS66044 |
| 008 - FIXED-LENGTH DATA ELEMENTS--GENERAL INFORMATION | |
| fixed length control field | 021028n2002 000 0 eng u |
| 035 ## - SYSTEM CONTROL NUMBER | |
| System control number | (Sirsi) u120277 |
| 100 ## - MAIN ENTRY--PERSONAL NAME | |
| Personal name | Tovey, R |
| 245 ## - TITLE STATEMENT | |
| Title | Is the profession on the road to recovery? |
| 260 ## - PUBLICATION, DISTRIBUTION, ETC. | |
| Date of publication, distribution, etc. | 2002 |
| 490 ## - SERIES STATEMENT | |
| Series statement | Estates Gazette |
| Volume/sequential designation | (0242) 19 October 2002, 144-145(2) |
| 520 ## - SUMMARY, ETC. | |
| Summary, etc. | Argues that the number of surveying graduates is rising for the first time in 10 years, despite recent reports on the demise of the surveying student. Illustrates this trend with RICS figures for the number of new students that embarked on RICS accredited courses in September 2000, September 2001 and Septmeber 2002 (partial results). Discusses regional trends in student intake and possible reasons behind the rise such as the effort university built environment departments have made to improve and market their courses and the RICS media campaign 'Property in Business'. Graphs. |
| 590 ## - LOCAL NOTE (RLIN) | |
| Local note | ABS |
| 650 ## - SUBJECT ADDED ENTRY--TOPICAL TERM | |
| Topical term or geographic name entry element | SURVEYING PROFESSION |
| 650 ## - SUBJECT ADDED ENTRY--TOPICAL TERM | |
| Topical term or geographic name entry element | STUDENTS |
| 650 ## - SUBJECT ADDED ENTRY--TOPICAL TERM | |
| Topical term or geographic name entry element | RICS ACCREDITED COURSES |
| 650 ## - SUBJECT ADDED ENTRY--TOPICAL TERM | |
| Topical term or geographic name entry element | UNIVERSITIES |
| 690 ## - LOCAL SUBJECT ADDED ENTRY--TOPICAL TERM (OCLC, RLIN) | |
| Topical term or geographic name as entry element | CAREERS, EDUCATION AND TRAINING |
| 942 ## - ADDED ENTRY ELEMENTS (KOHA) | |
| Suppress in OPAC | 0 |
| Withdrawn status | Lost status | Source of classification or shelving scheme | Damaged status | Not for loan | Home library | Current library | Shelving location | Date acquired | Total Checkouts | Full call number | Barcode | Date last seen | Copy number | Price effective from | Koha item type |
|---|---|---|---|---|---|---|---|---|---|---|---|---|---|---|---|
| Dewey Decimal Classification | London | London | Journal article | 28/10/2002 | ABS66044 | 120277-1001 | 06/08/2019 | 1 | 06/08/2019 | Journal article |